It looks like you're offline.
Open Library logo
additional options menu

MARC record from Internet Archive

LEADER: 01107nam 2200337 a 4500
001 388757
005 19880510102635.0
008 890423c19881981dcuk f00000 eng d
016 7 $aCAT88893597$2DNAL
035 $a(OCoLC)ocm17931160 890423
035 $90332-05260
040 $aAGL$cAGL
049 $aAGLL
070 0 $aaTX353.U5$bno.207 1988
072 $aT300
072 $aT120
072 $aU400
245 00 $aSummer food service program for children :$b1988 sponsor meal preparation handbook.
250 $aRev. Feb. 1983, slightly rev. Jan. 1984.
260 0 $a[Washington, D.C.?] :$bU.S. Dept. of Agriculture, Food and Nutrition Service,$c[1988?]
300 $a45 p. :$bforms ;$c28 cm.
490 0 $aFNS ;$v207
500 $aCover title.
650 0 $aChildren$xNutrition.
650 0 $aFood service.
710 10 $aUnited States.$bFood and Nutrition Service.
841 $ax $b8709220u 0 4 uu 1870922$ez
852 $aDNAL$iaTX353.U5 no.207 1988
930 01 $a00000000$b00000000$c19880519$e1 880519$f0 880519$s1 880713
945 $dLRN$e88/04/27$fCM$g88/05/03$n1
946 $aUSDA